Gli inganni di Pandora : (Record no. 28916)
[ view plain ]
| 000 -LEADER | |
|---|---|
| campo di controllo lung. fissa | 00863nam a22002537i 4500 |
| 001 - Numero di controllo | |
| campo di controllo | IT\ICCU\URB\0957656 |
| 003 - Identificatore del numero di controllo | |
| campo di controllo | ItRI |
| 005 - Data e orario dell'ultima transazione | |
| campo di controllo | 20260315175545.0 |
| 008 - Elementi di lunghezza fissa--Informazione generale | |
| campo di controllo lung. fissa | 220211s2022 it |||||| ||||| |||||c |
| 020 ## - ISBN (International Standard Book Number) | |
| ISBN (International Standard Book Number) | 9788807896040 |
| 040 ## - Fonte della catalogazione | |
| Lingua della catalogazione | ita |
| Agenzia che fa la trascrizione | Centro di documentazione Omologie (CIG Arcigay Milano) |
| 041 #7 - Codice di lingua | |
| Codice di lingua del testo/traccia sonora o titolo separato | ita |
| Fonte del codice | ISO-639-2 |
| 082 ## - Numero di classificazione Decimale Dewey | |
| Numero di classificazione | 305.4209 |
| Numero dell'edizione | 23 |
| 100 1# - Accesso principale -- nome di persona | |
| Nome di persona | Cantarella, Eva |
| Numero del record di authority o numero standard | IT\ICCU\CFIV\102722 |
| Relazione: | aut |
| 240 14 - Titolo uniforme | |
| Titolo uniforme | Gli inganni di Pandora. |
| 9 (RLIN) | Cantarella, Eva |
| 245 14 - Formulazione del titolo | |
| Titolo | Gli inganni di Pandora : |
| Complemento del titolo | l'origine delle discriminazioni di genere nella Grecia antica / |
| Formulazione di responsabilità, ecc. | Eva Cantarella. |
| 260 ## - Pubblicazione, distribuzione, ecc. (stampa) | |
| Luogo di pubblicazione, distribuzione, ecc. | Milano : |
| Nome dell'editore, distributore, ecc. | Feltrinelli, |
| Data di pubblicazione, distribuzione, ecc. | 2022 |
| 300 ## - Descrizione fisica | |
| Estensione | 85 p. ; |
| Dimensioni | 20 cm |
| 650 #7 - Accesso aggiunto di soggetto--termine topico | |
| Termine topico o nome geografico come accesso | Antichità |
| Suddivisione generale | Ruolo [delle] Donne |
| Fonte dell'intestazione o del termine | nsbncf |
| 830 #0 - Accesso aggiunto di serie--titolo uniforme | |
| Titolo uniforme | Universale economica |
| Numero del record di authority o numero standard | IT\ICCU\CFI\0001103 |
| 982 #1 - EQUIVALENCE OR CROSS-REFERENCE-SERIES STATEMENT--CONFERENCE OR MEETING NAME/TITLE [LOCAL, CANADA] | |
| Collegamento | z01 |
| Nome del convegno o nome della giurisdizione come accesso | n |
| 942 ## - Dati aggiuntivi (Koha) | |
| Fonte della classificazione o dello schema di collocazione (segnatura) | Classificazione decimale Dewey |
| Tipo copia default (Koha) | Libri |
| Nasconto in Opac | No |
| 981 #1 - EQUIVALENCE OR CROSS-REFERENCE-SERIES STATEMENT--CORPORATE NAME/TITLE [LOCAL, CANADA] | |
| Collegamento | z01 |
| Nome dell'ente o nome della giurisdizione come accesso | i |
| Unità subordinata | xxxe |
| Status ritirato | Status smarrito: | Fonte della classificazione o dello schema di collocazione (segnatura) | Status danneggiato: | Escluso dal prestito | Biblioteca di appartenenza | Biblioteca corrente | Data di acquisti | Totale prestiti | Collocazione | Codice a barre | Data ultima revisione | Prezzo effettivo da | Tipo copia default (Koha) |
|---|---|---|---|---|---|---|---|---|---|---|---|---|---|
| Classificazione decimale Dewey | MILANO | Centro di documentazione Omologie (CIG Arcigay Milano) | MILANO | Centro di documentazione Omologie (CIG Arcigay Milano) | 15/03/2026 | 305.42 CAN ING | 11814 | 15/03/2026 | 15/03/2026 | Libri |